| 000 | 00621cam a22001697a 4500 | ||
|---|---|---|---|
| 008 | 180718b1987 xxu||||| |||| 00| 0 eng d | ||
| 020 | _a8185135215 | ||
| 082 | _aI513 T739 | ||
| 100 | _aTrivedi,K.D | ||
| 245 |
_aOrganizational Behaviour and the Scientist: A study of agricultural scientists in Rajasthan _cby K.D.Trivedi |
||
| 260 |
_aNew Delhi _bNationla book organisation _c1987 |
||
| 300 | _a178 | ||
| 650 | _a | ||
| 650 | _aAgriculturists -- India -- Rajasthan | ||
| 650 | _aAgriculture -- Research -- Social aspects -- India -- Rajasthan | ||
| 650 | _aAgriculture -- Research -- India -- Rajasthan -- Management | ||
| 999 |
_c503783 _d503783 |
||